| 000 | 00509nam a2200169 a 4500 | ||
|---|---|---|---|
| 005 | 20140412111344.0 | ||
| 008 | 041005s19uu xx 00 eng d | ||
| 020 | _a0-689-71738-5 | ||
| 050 |
_aTR(PS E _bRe22 1985 |
||
| 100 | _aRylant, Cynthia | ||
| 245 |
_aRelative came (The) / _cCyntia Rylant. |
||
| 260 |
_aNew York : _bAladdin, _c1985. |
||
| 300 | _aunp. | ||
| 520 | _aThe relatives come to visit from Virginia and everyone has a wonderful time. | ||
| 650 | _aFamily life -- fiction | ||
| 999 |
_c105194 _d105194 |
||